Statistiques concernant États des États-Unis les plus peuplés

Cliquez ici pour prendre le quiz!

Statistiques générales

  • Ce quiz a été pris 6,968 fois
  • Le résultat moyen est 6 sur 9

Statistiques - réponses

Population État % Correct
39,1 MCalifornie
97%
27,4 MTexas
95%
19,8 MNew York
95%
20,3 MFloride
91%
12,8 MIllinois
58%
12,8 MPennsylvanie
45%
11,6 MOhio
43%
10,0 MCaroline du Nord
40%
10,2 MGéorgie
38%

Distribution des résultats

Percentile par nombre de réponses

% des personnes avec chaque résultat

Votre développement - résultats

Vous n’avez pas pris ce quiz